000 00810cab a22002295a 4500
001 L159206
008 150113e2013 xxk 000 0 eng d
035 _a(Sirsi) u159206
041 0 _aeng
050 _a333.3307 $2 18
100 1 _aCraig, Ewan
245 0 0 _aDetective work
_h[electronic resource]
260 _c2013
490 _aRICS Building Surveying Journal
_vOctober - November 2013, 26(1)
520 _aDiscusses building pathology as a key competency. Second in the series on the six core competencies.
650 2 4 _aAPC
_96216
651 4 _aUnited Kingdom
_y
690 _aAPC
_96216
690 _aBuilding surveying
_96225
856 4 0 _uhttps://www.rics.org/Global/Building_Surveying_Journal_October_November_2013%20(2).pdf
_zView the article free of charge at www.rics.org...
942 _n0
999 _c84827
_d84827